Les voix du silence /

En la primera parte de esta obra Malraux recupera Le musée imaginaire, un texto publicado antes de forma independiente. En él plantea que el museo, una invención del Renacimiento, ha trastocado la relación con la obra de arte; y así -por ejemplo- un crucifico deja de ser venerado, para convertirse e...

Descripció completa

Guardat en:
Dades bibliogràfiques
Autor principal: Malraux, André (autor)
Format: Llibre
Idioma:francès
Publicat: París, Francia : Gallimard, 1956
Col·lecció:(La Galerie de la Pléiade)
Matèries:
Etiquetes: Afegir etiqueta
Sense etiquetes, Sigues el primer a etiquetar aquest registre!

MARC

LEADER 00000nam^a2200000^a^4500
001 000074449
005 20250521000000.0
009 20260310091704.5
037 |a Acervo ITESO - Biblioteca 
041 |a FRA 
082 |a 709.  |b MAL 
100 |a Malraux, André  |e (autor) 
240 1 4 |a [El museo imaginario] 
245 1 4 |a Les voix du silence /  |c A. Malraux. 
264 1 |a París, Francia :  |b Gallimard,  |c 1956 
300 |a 657 p. 
336 |a texto  |b txt  |2 rdacontenido 
337 |a sin mediación  |b n  |2 rdamedio 
338 |a volumen  |b nc  |2 rdasoporte 
440 4 |a (La Galerie de la Pléiade) 
520 |a En la primera parte de esta obra Malraux recupera Le musée imaginaire, un texto publicado antes de forma independiente. En él plantea que el museo, una invención del Renacimiento, ha trastocado la relación con la obra de arte; y así -por ejemplo- un crucifico deja de ser venerado, para convertirse en un objeto, que se confronta con el resto de los objetos del museo. En su conjunto Les voix du silence está integrado por textos teórico-críticos del quehacer artístico. 
649 |a XX 
650 |a Museos y Galerías 
650 |a Arte -  |x Teoría 
650 |a Arte -  |x Historia y Crítica 
910 |a Fondo Armando Suárez Gómez 
920 |a Impresos - Libros 
930 |a Fondos Especiales 
905 |a 111 
901 |a 0700005399  |b IT2  |c ESP  |u 20250521 
902 |a https://opac.biblio.iteso.mx/vufind/Record/000074449